[Event "Labour Day op"]
[Site "Toronto CAN"]
[Date "2010.09.12"]
[Round "1.7"]
[White "Martchenko, Alexander"]
[Black "Kho, Jingle"]
[Result "1-0"]
[WhiteElo "2382"]
[BlackElo "2119"]
[PlyCount "91"]
[EventDate "2010.09.04"]
[EventType "swiss"]
[EventRounds "6"]
[EventCountry "CAN"]

1. e4 Nc6 2. Nf3 d6 3. d4 Nf6 4. Bd3 Bg4 5. c3 e6 6. Nbd2 Be7 7. Nf1 a6 8. Ng3
Nh5 9. Be3 Bf6 10. Qd2 e5 11. d5 Ne7 12. h3 Bxf3 13. gxf3 Nxg3 14. fxg3 O-O 15.
h4 c6 16. c4 b5 17. g4 bxc4 18. g5 cxd3 19. gxf6 Ng6 20. Bg5 gxf6 21. Bh6 cxd5
22. h5 Re8 23. hxg6 fxg6 24. Qxd3 Qa5+ 25. Bd2 Qb5 26. Qxd5+ Qxd5 27. exd5 Rac8
28. Bc3 Rc4 29. Ke2 h5 30. Rac1 Rb8 31. Rhd1 Ra4 32. a3 a5 33. b4 Rxa3 34. bxa5
Rbb3 35. Rd3 Ra2+ 36. Ke3 Kf7 37. Ra1 Rba3 38. Rxa2 Rxa2 39. Bb4 Ra4 40. Bxd6
Rxa5 41. Bc7 Ra8 42. d6 g5 43. d7 g4 44. fxg4 hxg4 45. d8=Q Rxd8 46. Rxd8 1-0

[Event "Labour Day op"]
[Site "Toronto CAN"]
[Date "2010.09.09"]
[Round "2.4"]
[White "Ferreira, Alex"]
[Black "Martchenko, Alexander"]
[Result "1/2-1/2"]
[WhiteElo "2093"]
[BlackElo "2382"]
[PlyCount "73"]
[EventDate "2010.09.04"]
[EventType "swiss"]
[EventRounds "6"]
[EventCountry "CAN"]

1. d4 d5 2. c4 e6 3. Nc3 c6 4. Nf3 dxc4 5. a4 Bb4 6. e4 b5 7. Be2 Bb7 8. O-O a6
9. Bg5 Ne7 10. Bxe7 Qxe7 11. d5 O-O 12. dxc6 Bxc6 13. axb5 Bxc3 14. bxc6 Bxb2
15. Ra2 c3 16. Ne5 c2 17. Ng6 hxg6 18. Qxc2 Be5 19. f4 Bd4+ 20. Kh1 Rc8 21. Qa4
Nxc6 22. Rb1 a5 23. Rc2 Nb4 24. Rxc8+ Rxc8 25. Qxa5 Qc5 26. Qa4 Qc1+ 27. Rxc1
Rxc1+ 28. Bd1 Nc2 29. Qxc2 Rxc2 30. Bxc2 Bc3 31. g3 Kf8 32. Kg2 Ke7 33. Kf3 Be1
34. g4 g5 35. f5 e5 36. Bb3 f6 37. Bc4 1/2-1/2

[Event "Labour Day op"]
[Site "Toronto CAN"]
[Date "2010.09.13"]
[Round "2.6"]
[White "Southam, David"]
[Black "Sapozhnikov, Roman"]
[Result "0-1"]
[WhiteElo "2135"]
[BlackElo "2394"]
[PlyCount "100"]
[EventDate "2010.09.04"]
[EventType "swiss"]
[EventRounds "6"]
[EventCountry "CAN"]

1. d4 Nf6 2. c4 g6 3. Nc3 Bg7 4. e4 d6 5. Nf3 O-O 6. Be2 e5 7. Be3 Na6 8. O-O
c6 9. d5 Ng4 10. Bg5 f6 11. Bh4 c5 12. Ne1 Nh6 13. Nd3 Qe7 14. f3 Nf7 15. a3
Bd7 16. Rb1 b6 17. Kh1 Rfc8 18. Bf2 Bh6 19. Ne1 f5 20. b4 Nc7 21. Bd3 Ne8 22.
Qe2 Ng7 23. Bc2 Qe8 24. bxc5 dxc5 25. a4 Nh5 26. g3 Nf6 27. Be3 Bg7 28. Ng2 Nd6
29. Bg5 h6 30. Bxf6 Bxf6 31. Nb5 Nxb5 32. axb5 Bg7 33. Ra1 Qf7 34. Bd3 Re8 35.
Ra2 h5 36. Rfa1 Bc8 37. Kg1 f4 38. Rf1 fxg3 39. hxg3 Qe7 40. Kf2 Rf8 41. Nh4
Qf6 42. Kg2 Bh6 43. Rh1 Re8 44. Qf2 Bg5 45. Qe2 Re7 46. Qe1 Bd7 47. Rf2 a5 48.
bxa6 Rxa6 49. Rb2 Re8 50. Qe2 Ra3 0-1

[Event "Labour Day op"]
[Site "Toronto CAN"]
[Date "2010.09.13"]
[Round "3"]
[White "Marinkovic, Mate"]
[Black "Gerzhoy, Leonid"]
[Result "0-1"]
[WhiteElo "2220"]
[BlackElo "2618"]
[PlyCount "49"]
[EventDate "2010.09.04"]
[EventType "swiss"]
[EventRounds "6"]
[EventCountry "CAN"]

1. c4 c6 2. e4 d5 3. cxd5 cxd5 4. exd5 Nf6 5. Qa4+ Nbd7 6. Nc3 g6 7. Bc4 Bg7 8.
Nf3 O-O 9. d3 a6 10. Qa3 Nb6 11. Qb3 Nxc4 12. dxc4 e6 13. O-O b5 14. cxb5 Nxd5
15. Nxd5 exd5 16. Rd1 axb5 17. Be3 Bg4 18. Bd4 Qc7 19. Rac1 Qf4 20. Bxg7 Kxg7
21. a3 Rac8 22. Rxc8 Rxc8 23. Qxb5 d4 24. h3 Bxf3 25. gxf3 0-1

[Event "Labour Day op"]
[Site "Toronto CAN"]
[Date "2010.09.09"]
[Round "3.3"]
[White "Sapozhnikov, Roman"]
[Black "Ferreira, Alex"]
[Result "1-0"]
[WhiteElo "2394"]
[BlackElo "2093"]
[PlyCount "85"]
[EventDate "2010.09.04"]
[EventType "swiss"]
[EventRounds "6"]
[EventCountry "CAN"]

1. e4 e5 2. Nf3 Nc6 3. Bb5 Nf6 4. O-O Nxe4 5. d4 Nd6 6. Bxc6 dxc6 7. dxe5 Nf5
8. Qxd8+ Kxd8 9. Nc3 Ke8 10. h3 h6 11. b3 Be6 12. g4 Ne7 13. Nd4 Nd5 14. Nxe6
fxe6 15. Ne4 Nb4 16. c3 Nd3 17. f4 Nc5 18. Nf2 Rd8 19. Be3 Be7 20. Rad1 Rd5 21.
c4 Rxd1 22. Rxd1 Rf8 23. Kg2 a6 24. Rf1 Kd8 25. Bxc5 Bxc5 26. Ne4 Ba3 27. f5
Ke7 28. Rf2 Rd8 29. Ng3 Bc5 30. Re2 Rd1 31. Nh5 exf5 32. gxf5 Rg1+ 33. Kf3 Kf7
34. Nf4 Rf1+ 35. Ke4 Rd1 36. e6+ Ke7 37. Nd3 Ba3 38. Rg2 Kf8 39. c5 Rh1 40. e7+
Kf7 41. Rxg7+ Kxg7 42. e8=Q Bxc5 43. Qg6+ 1-0

[Event "Labour Day op"]
[Site "Toronto CAN"]
[Date "2010.09.09"]
[Round "3.8"]
[White "Kagramanov, Dalia"]
[Black "Gusev, Nikita"]
[Result "0-1"]
[WhiteElo "2021"]
[BlackElo "2258"]
[PlyCount "114"]
[EventDate "2010.09.04"]
[EventType "swiss"]
[EventRounds "6"]
[EventCountry "CAN"]

1. e4 c5 2. Nf3 e6 3. d4 cxd4 4. Nxd4 Nc6 5. Nc3 d6 6. Be2 Nf6 7. Be3 Be7 8.
O-O O-O 9. Kh1 Bd7 10. f4 Nxd4 11. Bxd4 Bc6 12. Bf3 Qc7 13. Qe1 e5 14. Be3 exf4
15. Bxf4 Rfe8 16. Qg3 Bf8 17. Rfe1 Nd7 18. Re2 Ne5 19. Nd5 Bxd5 20. exd5 g6 21.
Rae1 Bg7 22. c3 Qc4 23. Bxe5 Bxe5 24. Qg4 Qxa2 25. Qb4 Qa6 26. c4 Rec8 27. b3
Qb6 28. Qxb6 axb6 29. Be4 Ra3 30. Rb1 f5 31. Bd3 b5 32. g3 b4 33. Kg2 b6 34.
Rc2 Rf8 35. Kf3 Kg7 36. Re2 h5 37. Kg2 f4 38. Rf2 fxg3 39. hxg3 Rxf2+ 40. Kxf2
Ra2+ 41. Kf3 g5 42. g4 hxg4+ 43. Kxg4 Kf6 44. Kf3 Rh2 45. Rf1 Rb2 46. Rb1 Rxb1
47. Bxb1 Bb2 48. Ke4 Bc1 49. Kf3 Ke5 50. Bg6 Kd4 51. Be8 Kd3 52. Bd7 Kc3 53.
Ba4 Bf4 54. Ke4 Bh2 55. Kf5 Bg1 56. Kxg5 b5 57. cxb5 Bb6 0-1

[Event "Labour Day op"]
[Site "Toronto CAN"]
[Date "2010.09.08"]
[Round "4.1"]
[White "Gerzhoy, Leonid"]
[Black "Sambuev, Bator"]
[Result "1/2-1/2"]
[WhiteElo "2618"]
[BlackElo "2640"]
[PlyCount "100"]
[EventDate "2010.09.04"]
[EventType "swiss"]
[EventRounds "6"]
[EventCountry "CAN"]

1. d4 Nf6 2. c4 g6 3. g3 Bg7 4. Bg2 O-O 5. Nc3 Nc6 6. e3 d6 7. Nge2 e5 8. O-O
exd4 9. Nxd4 Ne5 10. b3 Re8 11. Bb2 c6 12. Qc2 a5 13. Rad1 Bg4 14. f3 Bd7 15.
e4 Qb6 16. Kh1 d5 17. Na4 Qa7 18. exd5 cxd5 19. Nb5 Bxb5 20. cxb5 Rac8 21. Qd2
Ned7 22. Bh3 Rcd8 23. Bd4 Qb8 24. Qxa5 Nh5 25. Bf2 d4 26. b6 Qd6 27. Qb5 Re5
28. Qc4 Rd5 29. Qc7 Nf8 30. Qxd6 R5xd6 31. f4 Nd7 32. Bg2 Rb8 33. Rd2 Nxb6 34.
Nxb6 Rxb6 35. Bxd4 Bxd4 36. Rxd4 Nf6 37. Rc1 Re8 38. Bf3 Re7 39. Kg2 h5 40. Rc2
Kg7 41. h3 Rb5 42. b4 Rb6 43. a4 Rbe6 44. Rdc4 Ne8 45. a5 Kf6 46. g4 hxg4 47.
hxg4 g5 48. fxg5+ Kxg5 49. Rc5+ Kf6 50. Rf5+ Kg7 1/2-1/2

[Event "Labour Day op"]
[Site "Toronto CAN"]
[Date "2010.09.09"]
[Round "4.2"]
[White "Martchenko, Alexander"]
[Black "Sapozhnikov, Roman"]
[Result "1/2-1/2"]
[WhiteElo "2382"]
[BlackElo "2394"]
[PlyCount "70"]
[EventDate "2010.09.04"]
[EventType "swiss"]
[EventRounds "6"]
[EventCountry "CAN"]

1. e4 c5 2. Nf3 e6 3. c3 Nf6 4. d3 d6 5. Nbd2 Be7 6. d4 cxd4 7. cxd4 d5 8. e5
Ne4 9. Bd3 Nxd2 10. Bxd2 Qb6 11. O-O Nc6 12. Bc3 Bd7 13. a3 Na5 14. Bxa5 Qxa5
15. b4 Qb6 16. Qe2 Ba4 17. Rfc1 O-O 18. Bc2 Bxc2 19. Qxc2 Rfb8 20. Qc7 Qxc7 21.
Rxc7 Bd8 22. Rc2 Rc8 23. Rac1 Rxc2 24. Rxc2 a5 25. b5 a4 26. Kf1 Ba5 27. Ke2
Kf8 28. Ne1 Bb6 29. Ke3 Ke7 30. Nd3 f6 31. f4 fxe5 32. fxe5 Rf8 33. Nb2 Ra8 34.
Nd3 Rf8 35. Nb2 Ra8 1/2-1/2

[Event "Labour Day op"]
[Site "Toronto CAN"]
[Date "2010.09.09"]
[Round "4.5"]
[White "Gelis, Paul"]
[Black "Dougherty, Michael"]
[Result "1/2-1/2"]
[WhiteElo "2228"]
[BlackElo "2310"]
[PlyCount "74"]
[EventDate "2010.09.04"]
[EventType "swiss"]
[EventRounds "6"]
[EventCountry "CAN"]

1. e4 c5 2. Nc3 g6 3. g3 Nc6 4. Bg2 Bg7 5. d3 Rb8 6. Be3 b5 7. Qd2 b4 8. Nd1 d6
9. Ne2 e5 10. O-O Nge7 11. f4 Nd4 12. c3 bxc3 13. bxc3 Nxe2+ 14. Qxe2 exf4 15.
gxf4 O-O 16. d4 cxd4 17. cxd4 d5 18. f5 gxf5 19. e5 Rb6 20. Qh5 Rg6 21. Nc3 f4
22. Bxf4 Bg4 23. Qh4 Nf5 24. Qf2 Bh3 25. Bg3 Bxg2 26. Kxg2 Nxg3 27. hxg3 f6 28.
e6 Re8 29. Rfe1 Qd6 30. Nb5 Qc6 31. a4 Rxe6 32. Rac1 Qe8 33. Nd6 Qd7 34. Nf5
Rg5 35. Rc7 Qxc7 36. Rxe6 Qd7 37. Nxg7 Qxg7 1/2-1/2

[Event "Labour Day op"]
[Site "Toronto CAN"]
[Date "2010.09.08"]
[Round "4.6"]
[White "Plotkin, Victor"]
[Black "Mai, Lloyd"]
[Result "1-0"]
[WhiteElo "2428"]
[BlackElo "2268"]
[PlyCount "55"]
[EventDate "2010.09.04"]
[EventType "swiss"]
[EventRounds "6"]
[EventCountry "CAN"]

1. e4 c5 2. c3 d5 3. exd5 Qxd5 4. d4 Nf6 5. Nf3 Bg4 6. Be2 Nc6 7. c4 Qd6 8. d5
Bxf3 9. Bxf3 Nd4 10. O-O g6 11. Nc3 Bg7 12. Be3 Nf5 13. Qa4+ Nd7 14. Ne4 Qc7
15. Bxc5 O-O 16. Ba3 Nb6 17. Qa5 Qxc4 18. b3 Qd4 19. d6 Nh4 20. Rad1 Nxf3+ 21.
gxf3 Qe5 22. Qxe5 Bxe5 23. dxe7 Rfe8 24. f4 Bg7 25. Rfe1 Nc8 26. Rd8 Nxe7 27.
Rxa8 Rxa8 28. Bxe7 1-0

[Event "Labour Day op"]
[Site "Toronto CAN"]
[Date "2010.09.09"]
[Round "4.7"]
[White "Calugar, Arthur"]
[Black "Whissell, Mavros"]
[Result "1-0"]
[WhiteElo "2386"]
[BlackElo "2167"]
[PlyCount "71"]
[EventDate "2010.09.04"]
[EventType "swiss"]
[EventRounds "6"]
[EventCountry "CAN"]

1. Nf3 d5 2. b3 e6 3. Bb2 Nf6 4. e3 Be7 5. d4 O-O 6. Bd3 Nbd7 7. Nbd2 b6 8. Ne5
Nxe5 9. dxe5 Nd7 10. Qh5 g6 11. Qe2 f6 12. exf6 Bxf6 13. Bxf6 Qxf6 14. O-O Nc5
15. f4 Bb7 16. Nf3 Nd7 17. Ng5 Rae8 18. Qg4 Re7 19. h4 e5 20. f5 e4 21. fxg6
Qxg6 22. h5 Qg7 23. Be2 Nf6 24. Qh4 Re5 25. Nh3 Bc8 26. Rf4 Bxh3 27. Qxh3 h6
28. Raf1 Nh7 29. Rxf8+ Nxf8 30. Qc8 Rg5 31. Rf2 Qa1+ 32. Bf1 Qg7 33. Qe8 a5 34.
c4 c6 35. Qxc6 Nd7 36. Qe6+ 1-0

[Event "Labour Day op"]
[Site "Toronto CAN"]
[Date "2010.09.08"]
[Round "4.8"]
[White "Ferreira, Alex"]
[Black "Henry, Liam"]
[Result "1/2-1/2"]
[WhiteElo "2093"]
[BlackElo "2290"]
[PlyCount "35"]
[EventDate "2010.09.04"]
[EventType "swiss"]
[EventRounds "6"]
[EventCountry "CAN"]

1. d4 d5 2. c4 e6 3. Nc3 Be7 4. Nf3 Nf6 5. Bf4 O-O 6. e3 c5 7. cxd5 exd5 8. Bd3
Nc6 9. dxc5 Bxc5 10. O-O h6 11. Rc1 a6 12. h3 Ba7 13. Bb1 Be6 14. Ne2 Qb6 15.
b3 Rac8 16. Bd6 Rfe8 17. Bc5 Qd8 18. Bxa7 1/2-1/2

[Event "Labour Day op"]
[Site "Toronto CAN"]
[Date "2010.09.09"]
[Round "5.2"]
[White "Sapozhnikov, Roman"]
[Black "Gerzhoy, Leonid"]
[Result "0-1"]
[WhiteElo "2394"]
[BlackElo "2618"]
[PlyCount "116"]
[EventDate "2010.09.04"]
[EventType "swiss"]
[EventRounds "6"]
[EventCountry "CAN"]

1. e4 c5 2. Nf3 e6 3. d4 cxd4 4. Nxd4 Nc6 5. Nc3 d6 6. Be3 Nf6 7. f3 Be7 8. Qd2
O-O 9. O-O-O a6 10. g4 Nxd4 11. Bxd4 b5 12. Kb1 Bb7 13. g5 Nd7 14. h4 Rc8 15.
Qf2 Qa5 16. g6 fxg6 17. Bh3 Nc5 18. Bxc5 Rxc5 19. Bxe6+ Kh8 20. Nd5 Bxd5 21.
Bxd5 Bf6 22. h5 g5 23. h6 g6 24. Qg3 Qc7 25. Qg2 Qe7 26. Qg3 Be5 27. Qh3 b4 28.
Rhf1 Qf6 29. Qe6 Bxb2 30. Qxf6+ Bxf6 31. Bb7 Be5 32. Bxa6 Rc3 33. Rd3 Rf4 34.
Rxc3 Bxc3 35. Be2 Rh4 36. Rd1 Be5 37. c3 Rh2 38. Rd2 bxc3 39. Rc2 Rxh6 40. a4
Rh1+ 41. Rc1 Rh2 42. Rc2 h5 43. a5 h4 44. a6 Bd4 45. Bc4 Rh1+ 46. Rc1 Rxc1+ 47.
Kxc1 Kg7 48. Be6 Kf6 49. Bg4 Ke5 50. Kc2 d5 51. exd5 Kxd5 52. Kd3 Ke5 53. Bc8
Ba7 54. Kxc3 Kf4 55. Bg4 Kg3 56. Kd3 h3 57. Bxh3 Kxh3 58. Ke4 Kg3 0-1

[Event "Labour Day op"]
[Site "Toronto CAN"]
[Date "2010.09.13"]
[Round "5.4"]
[White "Dougherty, Michael"]
[Black "Plotkin, Victor"]
[Result "1-0"]
[WhiteElo "2310"]
[BlackElo "2428"]
[PlyCount "49"]
[EventDate "2010.09.04"]
[EventType "swiss"]
[EventRounds "6"]
[EventCountry "CAN"]

1. Nf3 Nf6 2. c4 c5 3. g3 Nc6 4. Bg2 e5 5. Nc3 d6 6. O-O Be7 7. d3 O-O 8. Nd5
Nxd5 9. cxd5 Nb4 10. Nd2 f5 11. a3 Na6 12. f4 Nc7 13. a4 b6 14. fxe5 dxe5 15.
e4 Bd6 16. Nc4 Na6 17. exf5 Bxf5 18. Be4 Bxe4 19. dxe4 Rxf1+ 20. Qxf1 Nc7 21.
Qf5 g6 22. Qg4 Ne8 23. Qe6+ Kg7 24. Nxe5 Qf6 25. Bh6+ 1-0

[Event "Labour Day op"]
[Site "Toronto CAN"]
[Date "2010.09.13"]
[Round "5.5"]
[White "Calugar, Arthur"]
[Black "Gelis, Paul"]
[Result "1/2-1/2"]
[WhiteElo "2386"]
[BlackElo "2228"]
[PlyCount "87"]
[EventDate "2010.09.04"]
[EventType "swiss"]
[EventRounds "6"]
[EventCountry "CAN"]

1. Nf3 d5 2. g3 Nf6 3. Bg2 Bf5 4. b3 h6 5. Bb2 e6 6. d3 Bb4+ 7. Nbd2 Nbd7 8.
O-O O-O 9. Qe1 a5 10. a3 Bc5 11. e4 dxe4 12. dxe4 Bh7 13. e5 Nd5 14. Ne4 Bxe4
15. Qxe4 c6 16. Nd4 Qc7 17. f4 Bxd4+ 18. Bxd4 c5 19. Bb2 c4 20. bxc4 Nc5 21.
Qe2 Ne7 22. Rfd1 Na4 23. Bd4 Rac8 24. Rab1 b6 25. c5 Nf5 26. Qc4 Nxd4 27. Rxd4
Nxc5 28. Rd6 Rb8 29. Qb5 Rfd8 30. Rbd1 h5 31. h4 g6 32. Kh2 Kg7 33. c4 Qe7 34.
Bf3 Qc7 35. Rc6 Qe7 36. Rdd6 Nb7 37. Rxd8 Rxd8 38. Qxb6 Rd2+ 39. Bg2 Qxa3 40.
Rc7 Qf3 41. Qg1 a4 42. Kh3 Qg4+ 43. Kh2 Qf3 44. Kh3 1/2-1/2

[Event "Labour Day op U2100"]
[Site "Toronto CAN"]
[Date "2010.09.04"]
[Round "2"]
[White "Armstrong, Robert J"]
[Black "Song, Terry"]
[Result "0-1"]
[WhiteElo "1818"]
[BlackElo "1904"]
[PlyCount "41"]
[EventDate "2010.09.04"]
[EventType "swiss"]
[EventRounds "6"]
[EventCountry "CAN"]

1. d4 Nf6 2. c4 c5 3. d5 b5 4. cxb5 a6 5. Nc3 g6 6. e4 d6 7. f4 axb5 8. Bxb5+
Bd7 9. Qe2 Bxb5 10. Qxb5+ Nbd7 11. Nf3 Bg7 12. O-O O-O 13. e5 Ne8 14. Qe2 Nc7
15. e6 fxe6 16. dxe6 Qc8 17. f5 gxf5 18. Bh6 Bxh6 19. Qf2 Nd5 20. Nxd5 Ne5 21.
a4 0-1

[Event "Labour Day op U2100"]
[Site "Toronto CAN"]
[Date "2010.09.05"]
[Round "3"]
[White "Armstrong, Robert J"]
[Black "Sharpe, Michael"]
[Result "1/2-1/2"]
[WhiteElo "1818"]
[BlackElo "1661"]
[PlyCount "52"]
[EventDate "2010.09.04"]
[EventType "swiss"]
[EventRounds "6"]
[EventCountry "CAN"]

1. d4 Nf6 2. c4 g6 3. Nc3 d5 4. e3 Bg7 5. Nf3 O-O 6. Bd3 b6 7. O-O dxc4 8. Bxc4
Bb7 9. Qe2 Qc8 10. e4 h6 11. Ne5 Rd8 12. Qf3 Rf8 13. Bxh6 Bxh6 14. Qxf6 Bg7 15.
Qf4 Bxe5 16. Qxe5 Nc6 17. Qg5 Kg7 18. Qf4 Rh8 19. d5 Rh4 20. Qg3 Nb4 21. Qf4 c6
22. dxc6 Bxc6 23. a3 b5 24. axb4 f6 25. h3 g5 26. g4 Kg6 1/2-1/2

[Event "Labour Day op U2100"]
[Site "Toronto CAN"]
[Date "2010.09.06"]
[Round "5"]
[White "Armstrong, Robert J"]
[Black "Wiebe, Daniel"]
[Result "0-1"]
[WhiteElo "1818"]
[BlackElo "1901"]
[PlyCount "58"]
[EventDate "2010.09.04"]
[EventType "swiss"]
[EventRounds "6"]
[EventCountry "CAN"]

1. d4 Nf6 2. c4 g6 3. Nc3 Bg7 4. e4 d6 5. f3 O-O 6. Be3 e5 7. Nge2 Nh5 8. g4
exd4 9. Nxd4 c5 10. gxh5 cxd4 11. Bxd4 Qh4+ 12. Ke2 Nc6 13. Bxg7 Kxg7 14. Qxd6
Rd8 15. Qg3 Nd4+ 16. Kf2 Qxh5 17. Nd5 Be6 18. Rd1 Nc6 19. Be2 Kf8 20. f4 Qh6
21. Nc7 Rac8 22. Nxe6+ fxe6 23. Bg4 Qg7 24. e5 Qe7 25. Kg2 Nd4 26. b3 h5 27.
Bf3 Nf5 28. Rxd8+ Rxd8 29. Qxg6 Nh4+ 0-1

[Event "Labour Day op U2100"]
[Site "Toronto CAN"]
[Date "2010.09.06"]
[Round "6"]
[White "Armstrong, Robert J"]
[Black "Finlay, Ian"]
[Result "1-0"]
[WhiteElo "1818"]
[BlackElo "1919"]
[PlyCount "105"]
[EventDate "2010.09.04"]
[EventType "swiss"]
[EventRounds "6"]
[EventCountry "CAN"]

1. d4 f5 2. c4 Nf6 3. g3 d6 4. Bg2 g6 5. Nc3 Bg7 6. Bg5 Nc6 7. Qd2 O-O 8. O-O-O
Ne4 9. Nxe4 fxe4 10. Bh6 Bf5 11. h4 a5 12. Bxg7 Kxg7 13. d5 Nb4 14. Qd4+ e5 15.
dxe6+ Qf6 16. e7 Rfe8 17. Qxf6+ Kxf6 18. a3 Na6 19. Bh3 Nc5 20. g4 Bd7 21. g5+
Kxe7 22. Bxd7 Kxd7 23. h5 Nb3+ 24. Kc2 a4 25. hxg6 hxg6 26. Rh6 Rg8 27. Nh3 Ra5
28. Rd5 Ra6 29. Rh7+ Kc8 30. Nf4 Rc6 31. Kc3 Nc5 32. Rh6 e3 33. f3 Rb6 34. Nxg6
Rb3+ 35. Kc2 Rg7 36. Nf8 Rg8 37. Ne6 Nd7 38. Rh7 Rb6 39. Ra5 Rc6 40. Ra8+ Nb8
41. Kd3 Re8 42. Nf4 b6 43. g6 Kb7 44. Rxa4 Nd7 45. Rxd7 b5 46. Rb4 Kc8 47. Rh7
d5 48. g7 dxc4+ 49. Kc3 Rd6 50. Rh8 Rdd8 51. Rxe8 Rxe8 52. Rxb5 Rg8 53. Nh5 1-0

[Event "Lanaudiere op"]
[Site "Repentigny CAN"]
[Date "2010.04.17"]
[Round "1"]
[White "Gulko, Andrei"]
[Black "Bolduc, Steve"]
[Result "1/2-1/2"]
[WhiteElo "2086"]
[BlackElo "2301"]
[PlyCount "30"]
[EventDate "2010.04.17"]
[EventType "swiss"]
[EventRounds "5"]
[EventCountry "CAN"]

1. d4 d5 2. Bg5 g6 3. e3 Bg7 4. c4 c5 5. Nc3 dxc4 6. dxc5 Qa5 7. Qa4+ Qxa4 8.
Nxa4 Be6 9. Rc1 b5 10. cxb6 axb6 11. Nxb6 Rxa2 12. Nxc4 Nf6 13. Bxf6 Bxf6 14.
Nf3 O-O 15. Be2 Na6 1/2-1/2

[Event "Lanaudiere op"]
[Site "Repentigny CAN"]
[Date "2010.04.17"]
[Round "1"]
[White "Masse, Hugues"]
[Black "Dumont, Felix"]
[Result "1-0"]
[WhiteElo "2240"]
[BlackElo "1967"]
[PlyCount "187"]
[EventDate "2010.04.17"]
[EventType "swiss"]
[EventRounds "5"]
[EventCountry "CAN"]

1. d4 Nf6 2. c4 g6 3. Nc3 Bg7 4. e4 d6 5. Nf3 O-O 6. Be2 e5 7. Be3 Ng4 8. Bg5
f6 9. Bh4 g5 10. Bg3 Nh6 11. d5 Nd7 12. Nd2 f5 13. exf5 Nxf5 14. Nde4 h6 15.
O-O a5 16. a3 Nf6 17. Nxf6+ Bxf6 18. Ne4 a4 19. c5 Ra5 20. Qd2 b6 21. c6 Nd4
22. Bc4 Ba6 23. Bxa6 Rxa6 24. Qd3 Ra5 25. Nc3 Qe7 26. f3 Bg7 27. Rae1 Qf7 28.
Kh1 Qf5 29. Qxf5 Rxf5 30. Rd1 Rf8 31. Rfe1 Kh7 32. Re4 Kg6 33. Kg1 Rfa8 34. Bf2
Bf6 35. Kf1 Bg7 36. Ke1 Bf8 37. Rd3 Bg7 38. Kd2 Nb3+ 39. Kc2 Nd4+ 40. Kb1 Bf6
41. Rd2 Nb3 42. Rd3 Nd4 43. Kc1 Nb3+ 44. Kd1 Nd4 45. Ke1 Nc2+ 46. Kf1 Nd4 47.
Rd2 Nb3 48. Rd1 Nd4 49. Rd3 R8a6 50. h3 Ra8 51. Ke1 Nc2+ 52. Kd2 Nd4 53. Kc1
Nb3+ 54. Kb1 Nd4 55. Rd1 R8a7 56. h4 Ra8 57. Rh1 Rg8 58. hxg5 hxg5 59. Ree1 Rh8
60. Rxh8 Bxh8 61. Be3 Bf6 62. Rh1 Bg7 63. Rd1 Bf6 64. Kc1 Nb3+ 65. Kc2 Nd4+ 66.
Kd3 Nf5 67. Bf2 Nd4 68. Ke4 Nf5 69. Ne2 Rb5 70. Rd2 Bg7 71. g4 Nh4 72. Nc3 Ra5
73. Be3 Ra8 74. Nb5 Rc8 75. Rc2 Bf6 76. Rc4 Ng2 77. Rxa4 Nxe3 78. Kxe3 Bd8 79.
Ra7 Kf6 80. a4 Kg6 81. b4 Kf6 82. Ke4 Kg6 83. a5 bxa5 84. bxa5 Rb8 85. Nxc7
Rb4+ 86. Ke3 Rb3+ 87. Kf2 Ra3 88. a6 Kh6 89. Ke2 Kg6 90. Ne6 Bb6 91. Rb7 Ra2+
92. Kd3 Ra3+ 93. Kc4 Rxa6 94. Kb5 1-0

[Event "Lanaudiere op"]
[Site "Repentigny CAN"]
[Date "2010.04.17"]
[Round "1"]
[White "Poulin, Mathieu"]
[Black "Sinelnikov, Igor"]
[Result "1-0"]
[WhiteElo "1928"]
[BlackElo "2193"]
[PlyCount "111"]
[EventDate "2010.04.17"]
[EventType "swiss"]
[EventRounds "5"]
[EventCountry "CAN"]

1. d4 Nf6 2. c4 g6 3. Nc3 Bg7 4. e4 d6 5. f3 O-O 6. Be3 e5 7. d5 Nh5 8. Nge2 f5
9. Qd2 a5 10. O-O-O Na6 11. Kb1 Nc5 12. Nc1 b6 13. b3 Nf6 14. Bd3 Rf7 15. Kb2
Bd7 16. Bc2 a4 17. b4 a3+ 18. Kb1 Na4 19. Bxa4 Bxa4 20. Rde1 Bd7 21. h3 Qf8 22.
g4 fxe4 23. fxe4 c6 24. N1e2 Qc8 25. Qd3 b5 26. cxb5 cxb5 27. Ng3 Qc4 28. Qxc4
bxc4 29. Kc2 Ne8 30. Rhf1 Nc7 31. Rxf7 Kxf7 32. Rb1 Nb5 33. Nxb5 Bxb5 34. Kc3
Bf6 35. Rf1 Kg7 36. Rf3 Bh4 37. Nf1 Be1+ 38. Bd2 Bh4 39. Ne3 Bg5 40. Nf1 Bd8
41. Be3 h5 42. gxh5 gxh5 43. Ng3 Kg6 44. Nf5 Ra6 45. Rg3+ Kf7 46. Rg7+ Kf8 47.
Rh7 Bb6 48. Bxb6 Rxb6 49. Rxh5 Be8 50. Rh6 Bd7 51. Rxd6 Rxd6 52. Nxd6 Bxh3 53.
Nxc4 Bg2 54. Nd2 Ke7 55. Kb3 Kf6 56. Kxa3 1-0

[Event "Lanaudiere op"]
[Site "Repentigny CAN"]
[Date "2010.04.17"]
[Round "1"]
[White "Sambuev, Bator"]
[Black "Larochelle, Martial"]
[Result "1-0"]
[WhiteElo "2566"]
[BlackElo "2164"]
[PlyCount "53"]
[EventDate "2010.04.17"]
[EventType "swiss"]
[EventRounds "5"]
[EventCountry "CAN"]

1. d4 Nf6 2. c4 g6 3. Nc3 d5 4. cxd5 Nxd5 5. e4 Nxc3 6. bxc3 Bg7 7. Nf3 c5 8.
Bb5+ Nd7 9. O-O O-O 10. a4 Nf6 11. Re1 Bg4 12. Rb1 Bxf3 13. Qxf3 cxd4 14. cxd4
a6 15. Bf1 Qxd4 16. Ba3 Rfe8 17. e5 Nd7 18. e6 fxe6 19. Rxb7 Ne5 20. Qe4 Ng4
21. Re2 Nxf2 22. Qxe6+ Kh8 23. Rxf2 Rf8 24. Rbb2 Qxa4 25. Bxe7 Bxb2 26. Bxf8
Qd4 27. Be7 1-0

[Event "Lanaudiere op"]
[Site "Repentigny CAN"]
[Date "2010.04.17"]
[Round "2"]
[White "Bolduc, Steve"]
[Black "Poulin, Mathieu"]
[Result "0-1"]
[WhiteElo "2301"]
[BlackElo "1928"]
[PlyCount "70"]
[EventDate "2010.04.17"]
[EventType "swiss"]
[EventRounds "5"]
[EventCountry "CAN"]

1. d4 Nf6 2. c4 e6 3. Nc3 Bb4 4. e3 O-O 5. Bd3 d5 6. Nf3 Nbd7 7. O-O dxc4 8.
Bxc4 c5 9. a3 Ba5 10. Na2 cxd4 11. exd4 Nb6 12. Bd3 Nbd5 13. Bg5 Qd6 14. Rc1
Bd7 15. Ne5 Rfc8 16. Nc4 Qa6 17. Qf3 Bd8 18. h4 b5 19. Ne5 Be8 20. h5 Qb6 21.
Be3 Be7 22. g4 Nd7 23. Nb4 Nxe5 24. dxe5 Nxe3 25. fxe3 a5 26. Be4 Bc5 27. Rxc5
Qxc5 28. Bxa8 axb4 29. Bb7 Rd8 30. Qf4 bxa3 31. bxa3 Rd3 32. Kf2 Rxa3 33. h6
Qe7 34. Be4 Qh4+ 35. Ke2 Ra2+ 0-1

[Event "Lanaudiere op"]
[Site "Repentigny CAN"]
[Date "2010.04.17"]
[Round "2"]
[White "Larochelle, Martial"]
[Black "Dumont, Felix"]
[Result "1-0"]
[WhiteElo "2164"]
[BlackElo "1967"]
[PlyCount "81"]
[EventDate "2010.04.17"]
[EventType "swiss"]
[EventRounds "5"]
[EventCountry "CAN"]

1. e4 c5 2. Nf3 d6 3. d4 cxd4 4. Nxd4 Nf6 5. Nc3 a6 6. Be3 e5 7. Nb3 Be6 8. f3
Be7 9. Qd2 O-O 10. O-O-O Nbd7 11. g4 b5 12. Rg1 b4 13. Nd5 Bxd5 14. exd5 Nb6
15. Na5 Nfxd5 16. Nc6 Qc7 17. Nxe7+ Qxe7 18. Bxb6 Nxb6 19. Qxd6 Qg5+ 20. Qd2
Qe7 21. Qe3 Qc7 22. Bd3 Rfe8 23. Qe4 g6 24. h4 Rad8 25. h5 Rd4 26. Qe3 Nd5 27.
Qh6 Nf4 28. hxg6 fxg6 29. Bxa6 Red8 30. Rxd4 Rxd4 31. Rh1 Rd7 32. b3 Qd8 33.
Bc4+ Kh8 34. Re1 Rd4 35. Re4 Rd1+ 36. Kb2 Qa8 37. Ba6 Kg8 38. Rxb4 Qxa6 39.
Rb8+ Kf7 40. Qf8+ Ke6 41. Re8+ 1-0